| 000 | 00783nam a2200217 a 4500 | ||
|---|---|---|---|
| 003 | 0 | ||
| 005 | 20250513140004.0 | ||
| 008 | 021108s19uu xx 00 eng d | ||
| 050 |
_aPGS LC 225.3 _b.J64 2002 |
||
| 100 | _aJoel, Marvin M. | ||
| 245 |
_aParents as partners in the education of their children / _cMarvin M. Joel. |
||
| 260 |
_aLas PiƱas City, Philippines : _bSouthville International School and Colleges, _c2002. |
||
| 300 |
_a40 pages : _billustrations ; _c28 cm. |
||
| 504 | _aIncludes bibliographical references. | ||
| 650 | _aHome and school. | ||
| 650 | _aParent-teacher relationships. | ||
| 650 | _aParental involvement in education. | ||
| 650 |
_aEducation _vParent participation. |
||
| 650 |
_aSchool children _vRelations with parents. |
||
| 942 |
_2lcc _cPASS |
||
| 999 |
_c96579 _d96579 |
||